<?xml version="1.0" encoding="UTF-8"?>
<record
    xmlns:xsi="http://www.w3.org/2001/XMLSchema-instance"
    xsi:schemaLocation="http://www.loc.gov/MARC21/slim http://www.loc.gov/standards/marcxml/schema/MARC21slim.xsd"
    xmlns="http://www.loc.gov/MARC21/slim">

  <leader>00904nam a22002057a 4500</leader>
  <controlfield tag="003">OSt</controlfield>
  <controlfield tag="005">20250808093141.0</controlfield>
  <controlfield tag="008">220823t2019    ck ||||gr|||| 00| 1 spa d</controlfield>
  <datafield tag="020" ind1=" " ind2=" ">
    <subfield code="a">9789585699014</subfield>
  </datafield>
  <datafield tag="040" ind1=" " ind2=" ">
    <subfield code="a">CO-JMCR</subfield>
    <subfield code="c">CO-JMCR</subfield>
    <subfield code="b">spa</subfield>
    <subfield code="d">CO-JMCR</subfield>
  </datafield>
  <datafield tag="041" ind1="0" ind2=" ">
    <subfield code="a">spa</subfield>
  </datafield>
  <datafield tag="082" ind1="0" ind2="4">
    <subfield code="a">J-C</subfield>
    <subfield code="b">BOGb1</subfield>
  </datafield>
  <datafield tag="245" ind1="1" ind2="0">
    <subfield code="a">Bogot&#xE1; en 100 palabras :</subfield>
    <subfield code="b">los mejores 100 relatos III </subfield>
  </datafield>
  <datafield tag="260" ind1=" " ind2=" ">
    <subfield code="a">Bogot&#xE1; : </subfield>
    <subfield code="b">Cataplum, </subfield>
    <subfield code="c">2019.</subfield>
  </datafield>
  <datafield tag="300" ind1=" " ind2=" ">
    <subfield code="a">110 p&#xE1;ginas : </subfield>
    <subfield code="c">11 cm. </subfield>
  </datafield>
  <datafield tag="520" ind1=" " ind2=" ">
    <subfield code="a">En la tercera versi&#xF3;n del concurso Bogot&#xE1; en 100 palabras los participantes imaginaron a Bogot&#xE1; desde el relato. Cada uno de ellos cuenta la historia de una ciudad que refugia a bogotanos de nacimiento y a bogotanos por adopci&#xF3;n. Los lectores de este libro tienen en sus manos la visi&#xF3;n de una Bogot&#xE1; narrada desde todos sus puntos cardinales. </subfield>
  </datafield>
  <datafield tag="650" ind1="1" ind2="4">
    <subfield code="a">Cuento</subfield>
    <subfield code="z">Bogot&#xE1;</subfield>
    <subfield code="9">42320</subfield>
  </datafield>
  <datafield tag="650" ind1="1" ind2="4">
    <subfield code="a">Literatura colombiana</subfield>
  </datafield>
  <datafield tag="942" ind1=" " ind2=" ">
    <subfield code="2">ddc</subfield>
    <subfield code="c">BK</subfield>
  </datafield>
  <datafield tag="999" ind1=" " ind2=" ">
    <subfield code="c">29733</subfield>
    <subfield code="d">16117</subfield>
  </datafield>
  <datafield tag="952" ind1=" " ind2=" ">
    <subfield code="0">0</subfield>
    <subfield code="1">0</subfield>
    <subfield code="2">ddc</subfield>
    <subfield code="4">0</subfield>
    <subfield code="7">0</subfield>
    <subfield code="a">CPL</subfield>
    <subfield code="b">CPL</subfield>
    <subfield code="c">PROC</subfield>
    <subfield code="d">2022-08-23</subfield>
    <subfield code="e">Donaci&#xF3;n</subfield>
    <subfield code="l">10</subfield>
    <subfield code="o">J-C BOGb1</subfield>
    <subfield code="p">201811473</subfield>
    <subfield code="r">2024-08-06 15:43:58</subfield>
    <subfield code="s">2024-08-06</subfield>
    <subfield code="t">Ej.1</subfield>
    <subfield code="w">2022-08-23</subfield>
    <subfield code="y">BK</subfield>
  </datafield>
  <datafield tag="952" ind1=" " ind2=" ">
    <subfield code="0">0</subfield>
    <subfield code="1">0</subfield>
    <subfield code="2">ddc</subfield>
    <subfield code="4">0</subfield>
    <subfield code="7">0</subfield>
    <subfield code="8">FIC</subfield>
    <subfield code="a">CPL</subfield>
    <subfield code="b">CPL</subfield>
    <subfield code="c">FIC</subfield>
    <subfield code="d">2024-07-30</subfield>
    <subfield code="l">1</subfield>
    <subfield code="o">J-C BOGb1</subfield>
    <subfield code="p">201812283</subfield>
    <subfield code="r">2026-04-14 15:42:35</subfield>
    <subfield code="s">2026-04-14</subfield>
    <subfield code="t">Ej.2</subfield>
    <subfield code="w">2024-08-12</subfield>
    <subfield code="y">BK</subfield>
  </datafield>
</record>
